Оценка бизнеса: теория и практика: учебное пособие для вузов

Podrobná bibliografie
Hlavní autor: Симионова Н. Е. Нина Евгеньевна
Další autoři: Симионов Р. Ю. Радомир Юрьевич
Shrnutí:Данное учебное пособие позволяет оценщику развить и углубить свои познания в методологии оценки имущества в рамках деятельности хозяйствующих субъектов. Наряду с изложением методологии оценки на основе затратного, доходного и рыночного подходов к оценке бизнеса в пособии раскрыты методики, применение которых позволит на основательной теоретической базе разрабатывать разделы оценочных отчетов, которые предваряют согласованный итоговый результат оценки. Учебное пособие предназначено студентам высших учебных заведений, преподавателям, а также всем интересующимся вопросами практической оценки имущества.
Jazyk:ruština
Vydáno: Ростов-на-Дону, Феникс, 2010
Vydání:2-е изд., перераб. и доп.
Edice:Высшее образование
Témata:
Médium: MixedMaterials Kniha
KOHA link:https://koha.lib.tpu.ru/cgi-bin/koha/opac-detail.pl?biblionumber=186593

MARC

LEADER 00000nam0a2200000 4500
001 186593
005 20231101224008.0
010 |a 9785222160992 
035 |a (RuTPU)RU\TPU\book\202449 
090 |a 186593 
100 |a 20101101d2010 m y0rusy50 ca 
101 0 |a rus 
102 |a RU 
105 |a y j 001zy 
200 1 |a Оценка бизнеса: теория и практика  |e учебное пособие для вузов  |f Н. Е. Симионова, Р. Ю. Симионов 
205 |a 2-е изд., перераб. и доп. 
210 |a Ростов-на-Дону  |c Феникс  |d 2010 
215 |a 573 с. 
225 1 |a Высшее образование 
320 |a Библиогр.: с. 400-402. 
330 |a Данное учебное пособие позволяет оценщику развить и углубить свои познания в методологии оценки имущества в рамках деятельности хозяйствующих субъектов. Наряду с изложением методологии оценки на основе затратного, доходного и рыночного подходов к оценке бизнеса в пособии раскрыты методики, применение которых позволит на основательной теоретической базе разрабатывать разделы оценочных отчетов, которые предваряют согласованный итоговый результат оценки. Учебное пособие предназначено студентам высших учебных заведений, преподавателям, а также всем интересующимся вопросами практической оценки имущества. 
606 1 |a Бизнес  |x Теория  |2 stltpush  |3 (RuTPU)RU\TPU\subj\28637  |9 52152 
606 1 |a Бизнес  |x Оценка  |2 stltpush  |3 (RuTPU)RU\TPU\subj\27870  |9 51547 
610 1 |a экономическая теория 
610 1 |a экономическая практика 
610 1 |a предпринимательская деятельность 
610 1 |a оценка 
610 1 |a оценочная деятельность 
610 1 |a ресурсный потенциал 
610 1 |a экономический анализ 
610 1 |a финансовый анализ 
610 1 |a потребительское поведение 
610 1 |a факторный анализ 
610 1 |a основные фонды 
610 1 |a оборотные фонды 
610 1 |a прибыль 
610 1 |a стоимость 
610 1 |a предприятия 
610 1 |a доходный подход 
610 1 |a затратный подход 
610 1 |a сравнительный подход 
610 1 |a управленческие структуры 
610 1 |a кадровый потенциал 
610 1 |a бизнес-планирование 
610 1 |a финансовое оздоровление 
610 1 |a математические методы 
610 1 |a статистические методы 
610 1 |a учебные пособия 
675 |a 657.9(075.8)  |v 3 
700 1 |a Симионова  |b Н. Е.  |g Нина Евгеньевна 
701 1 |a Симионов  |b Р. Ю.  |g Радомир Юрьевич 
801 1 |a RU  |b 63413507  |c 20101101 
801 2 |a RU  |b 63413507  |c 20120427  |g RCR 
900 |a Оценка бизнеса 
900 |a Оценка стоимости предприятия 
942 |c BK 
959 |a 74/20101028  |d 1  |e 275,80  |f ЧЗГЛ:1